000 00340nam a2200157Ia 4500
008 210707s1968 xx 000 0 und d
041 _aeng
082 _a512 GODA
100 _aGODEMENT (Roger)
245 _aAlgebra.
260 _aFrance
_bHermann
_c1968
300 _a638 p
563 _aHB
650 _aAlgebra
906 _aAlgebra
999 _c179938
_d179938